Ode to "Dilli" / (Record no. 215660)

MARC details
000 -LEADER
fixed length control field 00584nam a22001937a 4500
005 - DATE AND TIME OF LATEST TRANSACTION
control field 20260319144443.0
010 ## - LCCN (DPL NO)
LC control number ENG-147950
020 ## - INTERNATIONAL STANDARD BOOK NUMBER
International Standard Book Number 9789386288677
Terms of availability 1450.00
035 ## - SYSTEM CONTROL NUMBER
System control number EN-131482
037 ## - SOURCE OF ACQUISITION
Source of stock number/acquisition DBAD
082 ## - DEWEY DECIMAL CLASSIFICATION NUMBER
Classification number 954.31
100 ## - MAIN ENTRY--PERSONAL NAME
Personal name Mathur Mitakshi
245 ## - TITLE STATEMENT
Title Ode to "Dilli" /
Statement of responsibility, etc Mitakshi Mathur
Medium English
260 ## - PUBLICATION, DISTRIBUTION, ETC. (IMPRINT)
Place of publication, distribution, etc Daryaganj
Name of publisher, distributor, etc Kalpana Shukla
Date of publication, distribution, etc 2017
270 ## - ADDRESS
Address 4676/21, First Floor, Ansari Road Daryaganj,
City New Delhi
Postal code 110002
300 ## - PHYSICAL DESCRIPTION
Extent 126p.
Dimensions 17cm(Pb)
700 ## - ADDED ENTRY--PERSONAL NAME
Personal name Mathur Mitakshi
9 (RLIN) 87103
942 ## - ADDED ENTRY ELEMENTS (KOHA)
Source of classification or shelving scheme Dewey Decimal Classification
Item type English Books
Classification part 954.31
Call number suffix MAT
Holdings
Withdrawn status Lost status Not for loan Collection code Home library Current library Date acquired Source of acquisition Cost, normal purchase price Full call number Barcode Copy number Cost, replacement price Koha item type
    Not For Loan Non-fiction D.B.Act.Division D.B.Act.Division 19/03/2026 DBAD 1450.00 954.31 MAT EN-131482 1 1450.00 English Books

© Delhi Public Library
Hit Counter
free hit counter